LEADER 00914nam--2200361---450- 001 990003077370203316 005 20080307143421.0 010 $a88-414-3010-9 035 $a000307737 035 $aUSA01000307737 035 $a(ALEPH)000307737USA01 035 $a000307737 100 $a20080307d1989----km-y0itay50------ba 101 $aita 102 $aIT 105 $a||||||||001yy 200 1 $a<> immaginette$fAlain Vircondelet 210 $aTorino$cUlisse$dcopyr. 1989 215 $a145 p.$cill.$d30 cm 410 0$12001 454 1$12001 461 1$1001-------$12001 606 0 $aImmagini sacre 676 $a246.5 700 1$aVIRCONDELET,$bAlain$0457012 801 0$aIT$bsalbc$gISBD 912 $a990003077370203316 951 $aO896$b1777 DBC$cO896 959 $aBK 969 $aDBC 979 $aDBC$b90$c20080307$lUSA01$h1434 996 $aImmaginette$91023862 997 $aUNISA LEADER 00788nam 2200253 450 001 9910516408803321 005 20220117113538.0 010 $a9788891630940 100 $a20220117d2018----u y0engy50 ba 101 0 $aita 102 $aIT 105 0 $a 00 200 1 $aAmministrazione, cultura giuridica e ricerca empirica$fa cura di Carlo Pennisi ... [et al.] 210 $aSantarcangelo di Romagna$cMaggioli$d2018 215 $a474 p.$d22 cm 225 $aSociologia e politiche del diritto$v4 610 0 $aAmministrazione pubblica 676 $a352.3$v22$zita 700 1$aPennisi,$bCarlo$0146683 912 $a9910516408803321 952 $a352.3 PEN 1$b8893$fbfs 959 $aBFS 996 $aAmministrazione, cultura giuridica e ricerca empirica$92571226 997 $aUNINA